000 00583nam a2200241Ia 4500
999 _c61619
_d61619
003 0100
005 20170523090925.0
008 130303s9999 xx 000 0 und d
020 _a0297847198
040 _cARRUPELIB
050 _aDT433.577A53 2005
100 _aAnderson, David
_930928
245 _aHistories of the hanged
245 _bBritain' dirty war in Kenya and the end of empire
260 _bPhoenix
_aLondon
_c2005
300 _aviii
300 _b 406p. 22cm.
650 _aKenya
_xHistory
_xMau Mau Emergency
_930752
942 _2lcc
_cMONOGRAPH